LEADER 01635nam 2200397Ia 450 001 996394914503316 005 20200824121748.0 035 $a(CKB)4940000000123609 035 $a(EEBO)2240944766 035 $a(UnM)99895606e 035 $a(UnM)99895606 035 $a(EXLCZ)994940000000123609 100 $a19951219d1649 uy | 101 0 $aeng 135 $aurbn||||a|bb| 200 14$aThe papers which passed at New-Castle betwixt His Sacred Majestie and Mr. Al. Henderson$b[electronic resource] $econcerning the change of church-government. Anno Dom. 1646 210 $aLondon $cprinted [by William Bentley] for R. Royston, at the Angel in Ivie-lane$d1649 215 $a[4], 42, [2] p 300 $aPrinter's name from Madan. 300 $aFirst leaf blank except for an acorn design on recto; last leaf blank. 300 $aSignatures: [paragraph]-[double paragraph]¹² . 300 $aIdentified as the first variant of Madan 99, with oval coat of arms on title page above imprint. 300 $aReproduction of original in the Henry E. Huntington Library. 330 $aeebo-0113 606 $aChurch polity$vEarly works to 1800 607 $aGreat Britain$xChurch history$y17th century$vEarly works to 1800 615 0$aChurch polity 700 $aCharles$cKing of England,$f1600-1649.$0793295 701 $aHenderson$b Alexander$f1583?-1646.$01003757 801 0$bCu-RivES 801 1$bCu-RivES 801 2$bWaOLN 906 $aBOOK 912 $a996394914503316 996 $aThe papers which passed at New-Castle betwixt His Sacred Majestie and Mr. Al. Henderson$92405947 997 $aUNISA LEADER 02277nas 2200457 n 450 001 990008956650403321 005 20240229084434.0 011 $a0265-8135 035 $a000895665 035 $aFED01000895665 035 $a(Aleph)000895665FED01 035 $a000895665 091 $2CNR$aP 00143734 100 $a20161109a19839999km-y0itaa50------ba 101 0 $aeng 102 $aGB 110 $aauu-------- 200 1 $aEnvironment and planning B. Planning and design 207 1$a1983- 210 $aLondon$cPion 430 0$1001000895663$12001$aEnvironment & planning B 452 0$12001$aEnvironment and planning. B, Planning and design (Online) 517 0 $aEnvironment and planning B. Planning & design 530 0 $aEnvironment and planning B. Planning and design 676 $a721.05 801 0$aIT$bACNP$c20090723 859 4 $uhttp://acnp.cib.unibo.it/cgi-ser/start/it/cnr/dc-p1.tcl?catno=75506&person=false&language=ITALIANO&libr=&libr_th=unina1$zBiblioteche che possiedono il periodico 901 $aSE 912 $a990008956650403321 958 $aBRAU. Biblioteca di Ricerca di Area Umanistica$b1993-1999;$eSP - Per. ingl. estinto 129$fFLFBC 958 $aBiblioteca Centralizzata. Facoltà di Agraria dell'Università Federico II di Napoli$b1983-1984;$c1984;$fFAGBC 958 $aBiblioteca del dipartimento di Ingeneria Edile dell'Università.$b1986-$fDINED 959 $aFLFBC 959 $aFAGBC 959 $aDINED 996 $aEnvironment and planning B. Planning and design$9795031 997 $aUNINA AP1 8 $6866-01$aNA072 BRAU. Biblioteca di Ricerca di Area Umanistica$bSP - Per. ingl. estinto 129$ePiazza Bellini 56/60, 80133 Napoli (NA)$m(081) 2533948$nit AP1 8 $6866-02$aNA087 Biblioteca Centralizzata. Facoltà di Agraria dell'Università Federico II di Napoli$ev. Università, 100 Palazzo Reale, 80055 Portici (NA)$m081-2539322$m081-7760229$nit AP1 8 $6866-03$aNA107 Biblioteca del dipartimento di Ingeneria Edile dell'Università.$ep.le Tecchio,80, Napoli (NA)$m(081) 7682129; fax 7682134$nit AP2 40$aacnp.cib.unibo.it$nACNP Italian Union Catalogue of Serials$uhttp://acnp.cib.unibo.it/cgi-ser/start/it/cnr/df-p.tcl?catno=75506&language=ITALIANO&libr=&person=&B=1&libr_th=unina&proposto=NO